[Event "Qatar Masters op"]
[Site "Doha"]
[Date "2014.12.02"]
[Round "7"]
[White "Naroditsky, Daniel"]
[Black "Eljanov, Pavel"]
[Result "1/2-1/2"]
[WhiteElo "2620"]
[BlackElo "2719"]
[Annotator "Eljanov,P"]
[PlyCount "148"]
[EventDate "2014.11.26"]
[EventType "swiss"]
[EventRounds "9"]
[EventCountry "QAT"]
[SourceTitle "CBM 164"]
[Source "ChessBase"]
[SourceDate "2015.01.15"]
[SourceVersion "1"]
[SourceVersionDate "2015.01.15"]
[SourceQuality "1"]

1. e4 c5 2. Nf3 e6 3. d4 cxd4 4. Nxd4 Nc6 5. Nc3 Qc7 6. g3 a6 7. Bg2 Nf6 8. O-O
h5 $5 {Fairly new and a rather fashionable plan nowadays.} 9. h3 $1 {It looks
like this is the main and strongest continuation for White.} ({Black's main
idea is to secure the g4-square for the black knight. For instance after the
typical} 9. Re1 {Black always has counterplay with Ng4} Nxd4 10. Qxd4 Bc5 11.
Bf4 (11. Qd3 Ng4 12. Nd1 d6 13. h3 Ne5 14. Qe2 Bd7 $15 {0-1 (54) Guseinov,G 
(2613)-Le,Q (2712) Dubai 2014}) 11... d6 12. Qd2 Ng4 13. Nd1 a5 14. a3 Bd7 $132
{1/2 (31) Lu,S (2562)-Yu,Y (2675) China 2013}) ({Also rather interesting is
the typical pawn sac} 9. Nxc6 dxc6 10. e5 $5 {Mateusz Bartel won a nice rapid
game but I believe that Black has enough possibilities to hold the position}
Qxe5 11. Bf4 Qa5 (11... Qf5 $5 12. Qd2 Be7) 12. Re1 Be7 13. Re5 Qd8 14. Qf3 O-O
15. Rd1 Bd7 16. Ne4 $40 {1-0 (56) Bartel,M (2641)-Maletin,P (2588) Dubai 2014})
9... h4 $2 {It was my home preparation but now I should confess that it was
not successful homework} ({the main line is} 9... Bc5 10. Nxc6 bxc6 ({After} 
10... dxc6 {there is the typical and very strong} 11. e5 $1 Qxe5 12. Bf4 Qd4
13. Qe1 $36 {comparing to the Bartel-Maletin game it's an unfortunate version
for Black because the Bc5 is misplaced}) 11. Na4 Ba7 12. Bf4 e5 13. Bg5 d6 {
So far Black has decent results here but I believe that more games will soon
be played as White hasn't used up all the resources of the position} 14. Qf3 (
14. Qd3 Nh7 15. Be3 Bxe3 16. Qxe3 h4 17. g4 Nf8 18. Rfd1 Be6 19. c4 c5 20. f4
exf4 21. Qxf4 Rd8 $132 {1/2 (47) Jakovenko,D (2726)-Svidler,P (2756) Loo 2014})
(14. Qe2 $5 Nd7 (14... Nh7 $2 15. Qxh5) 15. h4 $5) 14... Nd7 15. Rad1 h4 16.
Be3 (16. g4 $5) (16. gxh4 $5) 16... Bxe3 17. fxe3 Nf6 18. g4 Be6 19. Qf2 Nd7
20. b3 Nc5 21. Nxc5 dxc5 22. Qe1 a5 $11 {1/2 (38) Negi,P (2662) -Iturrizaga
Bonelli,E (2661) Linares 2013}) 10. g4 Bc5 (10... Nxd4 11. Qxd4 Bc5 12. Qd3 d6
13. Na4 Ba7 14. Rd1 (14. c4 Bd7 15. Nc3 Rc8 16. Bg5 $13 {1-0 (38) Nizamov,I 
(2393)-Bocharov,D (2475) Bor 2000}) 14... Bd7 15. Nc3 Bc5 16. Bf4 $16) 11. Be3
d6 12. Nxc6 $1 {Daniel found over the board a very sound pawn sac which I had
missed during my preparation} Bxe3 13. fxe3 bxc6 14. e5 $1 dxe5 15. g5 Nd5 16.
Ne4 {My engine does not immediately show this pawn sacrifice but after this
position arises it starts to understand that things are bad for Black} Nxe3 $5
{After a long period of thought I made this hard decision. From a practical
point of view it looks justified as there is "just" a very bad endgame instead
of a middlegame with very unclear chances to survive} (16... Qb6 17. Nd6+ Ke7
18. Nxf7 Qxe3+ 19. Kh1 Rf8 20. g6 $18) (16... O-O 17. Qh5 f5 18. gxf6 gxf6 19.
c4 $18) (16... Rb8 17. b3 {doesn't change much}) ({I seriously considered} 
16... a5 {with the idea to release my bishop and to have long castling as an
option} 17. c4 Ba6 18. b3 $1 {but White has no need to hurry} (18. cxd5 exd5
19. Nf6+ $1 gxf6 20. Rxf6 Rg8 21. Rc1 {Also better for White but not without
some hope for Black}) 18... O-O-O 19. cxd5 Bxf1 20. Qxf1 exd5 21. Nc5 Rd6 22.
e4 {and White's attack should decide the outcome}) 17. Nd6+ Kf8 18. Rxf7+ Qxf7
19. Nxf7 Nxd1 20. Nxh8 Ne3 (20... Nxb2 21. Ng6+ Kf7 22. Be4 $18) 21. Ng6+ Kf7
22. Be4 $1 Bd7 $1 {the only way to not lose right away} 23. Re1 Nf5 24. Nxe5+
Ke7 25. Rd1 Be8 26. Bxc6 Rb8 27. Bxe8 Kxe8 28. b3 Rb5 29. Nf3 Ke7 30. c4 Ra5
31. Rd2 Nd6 32. Re2 Nf7 33. g6 Ng5 34. Kg2 Nxf3 35. Kxf3 Kf6 36. Rc2 Rg5 37.
Rg2 Re5 (37... Rf5+ 38. Ke4 Rf1 39. c5 Re1+ 40. Kd4 $18) 38. Rg4 $1 Re1 (38...
a5 39. Rxh4 Kxg6 40. Re4 Rh5 41. h4 $18) 39. c5 Ra1 40. c6 Ke7 41. c7 $6 {
So far my young opponent had played close to ideally but after the time
control he started to play shakily} ({A much easier way was} 41. Rxh4 Rf1+ (
41... Rxa2 42. c7 Kd7 43. Rh7) 42. Ke3 Rf6 43. Rd4 $1 Rxg6 44. c7 Rg3+ 45. Kd2
Rg2+ 46. Kd3 $18) 41... Kd7 42. Rxh4 Rf1+ 43. Ke2 Rf6 44. Rc4 Kc8 45. b4 Rxg6
46. a4 e5 47. b5 $2 {It's a correct plan but in endgames it often happens that
the small nuances decide between victory and a draw} ({it was neccesary at
first to bring the h-pawn a little closer to the goal} 47. h4 $1 Re6 (47... Rg1
48. b5 axb5 49. axb5 Rb1 50. Rc5 Rb4 51. Kf3 $18) 48. b5 axb5 49. axb5 Rb6 (
49... g6 50. Ke3 e4 51. Rc5 $1 {the same position as in the game but Black to
move - mutual zugzwang!}) 50. Rc5 e4 {and now} 51. h5 $1 Rd6 52. Ke3 Re6 53.
Rc6 $1 {compared to the game, thanks to the h5-pawn this pawn endgame is
winning} Rxc6 54. bxc6 Kxc7 55. Kxe4 Kxc6 56. Kf5 Kd7 57. Kg6 $18) 47... axb5
48. axb5 Rb6 49. Rc5 e4 50. Ke3 Re6 51. Rc4 Rb6 52. Rc5 Re6 53. h4 g6 54. Rc4
Rb6 55. Rc5 Re6 {As we already know from the previous comment this is a
position of mutual zugzwang. White can't pass the move.} 56. Rc4 (56. Kd2 Rd6+
57. Ke2 Rf6 58. Ke3 Re6) 56... Rb6 57. Kxe4 Rxb5 58. Kf4 Rf5+ 59. Kg4 Re5 $5 {
I put my rook on e5 to prevent my king being cut off my king along the e-file.
Although it was not necessary as White can win with the h-pawn alone if my
king is cut off along the d-file.} (59... Ra5 60. Rc6 Ra1 61. Rxg6 Kxc7 62. Re6
Kd7 $11) 60. Rc6 Re1 61. Rxg6 Kxc7 62. h5 Kd7 63. Rf6 Ke7 64. Rf3 Rg1+ 65. Kh4
Rh1+ 66. Kg5 Rg1+ 67. Kh6 Rg2 68. Kh7 Rg1 69. h6 Rg2 70. Kh8 Rg1 71. h7 Rg2 72.
Ra3 Kf7 73. Ra8 Rg1 74. Rg8 Ra1 1/2-1/2

[Event "Dubai op"]
[Site "Dubai"]
[Date "2001.04.23"]
[Round "8"]
[White "Ermenkov, Evgenij"]
[Black "Kobalia, Mihail"]
[Result "1-0"]
[WhiteElo "2478"]
[BlackElo "2590"]
[Annotator "Ermenkov,E"]
[PlyCount "107"]
[EventDate "2001.04.15"]
[EventType "swiss"]
[EventRounds "9"]
[EventCountry "UAE"]
[SourceTitle "CBM 083"]
[Source "ChessBase"]
[SourceDate "2001.07.05"]
[SourceVersion "1"]
[SourceVersionDate "2001.07.05"]
[SourceQuality "1"]

1. e4 {Ribli} c5 2. Nf3 e6 3. d4 cxd4 4. Nxd4 Nc6 5. Nc3 Qc7 6. f4 {This move
is losing popularity lately due to 6.Be3, but nevertheless I am still its
ardent adherent.} a6 {Maybe 6...N:d4 7.Q:d4 a6 is critical for this line. 
Ribli: 'Dieser Zug ist zwar auch spielbar, er gefällt mir aber nicht. Die
Alternative 6...Nxd4 7.Qxd4 a6 scheint mir logischer, denn hier steht die
weiße Dame exponiert auf d4.'} 7. Nxc6 Qxc6 (7... bxc6 {admits that 6...a6 is
a waste of time,}) ({while} 7... dxc6 {is solid but very passive.}) 8. Bd3 b5
9. Qe2 Bb7 10. Bd2 {Ribli: 'Das ist die optimale weiße Figurenstellung. Er hat
ein starkes Zentrum und etwas Initiative.'} Qc7 $6 {This is a critical
position in which Black has tried 10...Nf6, 10...Bc5, 10...Ne7. In one of his
games Kobalija with Black had tried 10...Be7, but White refrained from 11.a4!
b4 12.Na2. That was what I expected to happen, but instead he came up with the
move in the game, which is interesting because Black is threatening 11...b4,
but all that at the cost of delaying development.  Ribli: 'Dieser Zug schaltet
die für diese Stellung typischen Motive mit Nd5 aus.'} 11. a3 {Ribli: 'Dieser
Zug ist weniger ambitioniert, aber er verhindert 11...b4.'} ({I did not like} 
11. a4 b4 12. Na2 {because White is not even threatening to take on b4 after}
Nf6 {.}) (11. O-O-O $5 {Ribli: Meiner Meinung nach wäre dieser Zug der
eigentliche Prüfstein für das schwarze System.}) 11... Nf6 12. O-O Be7 (12...
Bc5+ 13. Kh1 h5 {was much more in the spirit of the Paulsen Variation, but it
still seemed too risky to me.}) 13. Kh1 {'=' Ribli. Ribli: 'Weiß hat eine
starke Zentrumsstellung, aber Schwarz hat keine Schwächen und gut postierte
Figuren. Ich halte diese Stellung für ausgeglichen.'} d6 {Ribli: 'Dieser
Bauernzug scheint mir weniger logisch als die Rochade. Nach 14.e5 kann Schwarz
14...Nd5 spielen, mit Ausgleich.'} (13... O-O {looks better to me.}) {Now
despite the loss of a tempo everything seems to be perfect for the thematic}
14. a4 $1 {'!?' Ribli. Ribli: 'Das ist ein für solche Stellungen typischer Zug,
aber nach 11.a3 kommt er ein wenig unerwartet.'} b4 (14... bxa4 $2 {Ribli} 15.
Rxa4 $16 {[%csl Ra6][%cal Gf1a1,Ga1a6]}) 15. Na2 a5 {Ribli: 'Schwarz muss
freilich den Pb4 verteidigen, doch der Textzug schwächt das Feld b5.'} 16. c3
bxc3 (16... b3 17. Nc1 {does not look very promising for Black since the "b3"
pawn is doomed.} Rb8 {[%cal Gb8b3]} 18. Bb5+ Kf8 19. e5 $16) 17. Nxc3 O-O 18.
Nb5 {Ribli: 'Der Nb5 steht ausgezeichnet, er ist der Garant für den
positionellen Vorteil von Weiß. In der Sizilianischen Verteidigung ist es
meist Schwarz, der am Damenflügel Gegenspiel suchen muss, hier aber macht Weiß
auf dieser Seite des Brettes Druck.'} Qd7 {Black already has a very difficult
position,} ({if} 18... Qb8 19. Rac1 Rc8 20. Rxc8+ {followed by 21. Rc1.}) (
18... Qb6 {Ribli} 19. Be3 $14) 19. Rad1 $1 {A very strong move with which
White is centralising the Rook, increasing the pressure and preventing at the
same time 19...d5 after which 20.e5 Ne4 21.B:e4 de and now both 22.B:a5 or 22.
Bb4 are very unpleasant for Black.} Bc6 {Here Kobalija decided to solve his
problems by exchanging the Knight on b5. However this is not solving his
problems, in fact it's even making the matters worse...} 20. Bc3 {with threats
like 21.B:f6 or 21.e5 or even 21.N:d6} Bxb5 {Ribli: 'Eine schwere positionelle
Entscheidung. Schwarz trennt sich vom Läuferpaar, eliminiert dabei aber den
starken Nb5.'} (20... d5 {Ribli} 21. e5 Ne8 22. f5 $40) 21. Bxb5 Qc7 {
otherwise 22.B:f6 and 23.R:d6} 22. Rfe1 $1 {Another very strong Rook move -
centralising and once again preventing the key liberating move d6-d5 for Black.
Besides all White is preparing f4-f5 followed by Bc4 and b2-b3, so that the
"e4" pawn needs some additional protection.} Rfd8 {Ribli: 'Schwarz möchte 23...
d5 vorbereiten.'} (22... d5 $2 {loses after} 23. exd5 Nxd5 24. Rxd5) 23. f5 $1
{Ribli: 'Ausgezeichnet gespielt! Weiß provoziert 23...e5, wonach sein
weißfeldriger Läufer stärker wird. Und Schwarz bleibt kaum eine andere Wahl.'}
e5 {what else} 24. Bc4 $1 {Now White has a strategically winning position and
24...Qc6 is not a double threat to a4 and e4 pawns due to 22.Rfe1.} Rac8 25. b3
{Ribli: 'Die weiße Stellung ist strategisch gewonnen. Sein Bc4 dominiert das
Brett, und Schwarz findet keinen aktiven Plan.'} Qb6 {'?!' Ribli. Having an
absolute white square bind in the centre it is time for White to attack and I
chose an attacking plan with pieces (Rh3, Bg5, Qh4) rather than pawns (g4, etc.
)} (25... Qa7 $5 {[%cal Gf6d7,Gd7b6] Ribli So könnte Schwarz mit 26...Nd7 und
27...Nb6 versuchen, den Bc4 abzutauschen.}) 26. Rd3 Qc7 27. Rh3 Bf8 28. Bd2 d5
{Black obviously saw what was coming and small wonder he decided to sacrifice
a pawn for some imaginary counter-play.} 29. exd5 Bd6 30. Bg5 Qe7 31. Rf1 $1 {
not allowing Black to mess up things after} (31. Qf2 Ne4) 31... Rc7 32. Qe1
Rcc8 33. Qh4 Kf8 {Now White had plenty of possibilities to try to finish up
the game like 34.B:f6 Q:f6 35.Q:h7 or 35.Q:f6 gf 36.R:h7 or even 34.Q:h7, but
as before I decided to emphasize on prophylactics.} 34. Re1 h6 35. Bxf6 Qxf6
36. Qxf6 gxf6 37. Rxh6 Ke7 38. g4 {White has two extra pawns and I thought
Black's position was almost resignable but I have to admit that Kobalija
managed to find counter-play out of a clear blue cloudless sky...} Rb8 39. Kg2
Rb4 40. Re4 Rdb8 41. Kf3 {Here maybe 41. h4 was more consequent but I decided
to centralise the King first.} Rxb3+ 42. Bxb3 Rxb3+ 43. Ke2 Rc3 44. h4 Bc5 $1 {
An amazing idea.} (44... Rc5 45. g5 $1 {and Black is too slow after} Rxd5 (
45... fxg5 46. hxg5 Rxd5 47. g6) 46. g6 {White plays Rg4 in these lines and
the "g" pawn is unstoppable.}) 45. g5 Kd6 46. Rxf6+ Kxd5 47. Rg4 e4 48. g6 $1 {
Perhaps 48. R:f7 was also winning but I wanted to neutralise the enemy "e"
passed pawn with my Rook from behind, i. e. the "e6" square.} e3 49. gxf7 Rc2+
50. Kd3 Rd2+ {after 50...e2, threatening 51...e1-N!! mate, 51.Re6 is
sufficient.} (50... e2 51. Z0 e1=N#) 51. Kc3 Rd1 (51... Bb4+ {loses to} 52.
Rxb4 axb4+ 53. Kxb4 e2 54. Re6 {(again)}) 52. Re6 (52. f8=Q {was leading to a
winning Rook endgame, but I thought the move in the game was better.}) 52...
Ra1 53. Re8 Rf1 54. Rxe3 {and since 54...R:f5 would be met by 55.Rg5) Black
resigned.} 1-0

[Event "RUS-ch 66th"]
[Site "Nizhnij Novgorod"]
[Date "2013.10.11"]
[Round "6"]
[White "Nepomniachtchi, Ian"]
[Black "Vitiugov, Nikita"]
[Result "1-0"]
[WhiteElo "2702"]
[BlackElo "2729"]
[Annotator "Friedel,J"]
[PlyCount "75"]
[EventDate "2013.10.05"]
[EventType "tourn"]
[EventRounds "9"]
[EventCountry "RUS"]
[EventCategory "18"]
[SourceTitle "CBM 157"]
[Source "ChessBase"]
[SourceDate "2013.11.12"]
[SourceVersion "1"]
[SourceVersionDate "2013.11.12"]
[SourceQuality "1"]

1. e4 c5 2. Nf3 e6 3. d4 cxd4 4. Nxd4 Nc6 5. Nc3 Qc7 6. f4 {An early f4 has
been a growing trend against the Paulsen. The move is rather committal, but
the idea is quite simple, which is to prepare e5 in response to Nf6.} a6 7.
Nxc6 Qxc6 8. Bd3 b5 9. Qe2 Bb7 10. Bd2 Bc5 11. O-O-O Ne7 {All of these logical
developing moves have been played many times.} 12. a3 {This move is the latest
development. The idea is rather simple, which is to discourage b4.} (12. Qh5 g6
13. Qg5 {is another possible continuation, but not everyone wants to go on a
quest with their queen so early.}) 12... O-O (12... O-O-O {has also been tried,
though it isn't for the faint of heart.}) 13. Qh5 {A novelty, and a logical
one. White wants to provoke pawn weaknesses on the kingside.} f6 {Black wants
to respond to e5 with f5 without allowing en passant, but this allows White
another plan of attack.} 14. g4 {The queen on h5 is no prize now, but there is
also no good way to take advantage of it.} Rac8 15. Rhe1 {I'm not sure the
rook does anything special here, but he simply wants to move it off of the
long diagonal.} Qb6 16. Kb1 Bd4 {Both sides have been slowly improving, and
with Bd4 Black hints at an exchange sac on c3.} 17. Ne2 Bf2 {I'm not sure the
rook stands worse on f1 than on e1.} (17... Bc5 {might have been my preference,
planning to play b4.}) 18. Rf1 Rf7 19. Qh3 {White finally decides to extricate
his queen.} Ng6 20. Bc1 {This move strikes me as quite passive.} (20. Bc3 {
threatening e5 looks better to me, and if Black plays d6 then he's weakened
the light squares, in particular e6.}) 20... Bc5 $2 {This is a logical
improving move, but it allows White to play e5.} (20... a5 {Preparing b4 with
this move looks better, as now after} 21. e5 $2 (21. b3 {is likely best,
preparing to answer b4 with a4, with an unclear game.}) 21... fxe5 22. f5 (22.
fxe5 {gives White no threats, so Black can simply push on with} b4 {and the
threat of b3 is actually quite strong.}) 22... exf5 23. gxf5 Nf8 {and I don't
think White has very much compensation. The bishop on f2 is actually quite
annoying!}) 21. e5 $1 {Now White has taken over the initiative.} b4 $6 {
This move doesn't deal with White's main threat.} (21... fxe5 22. fxe5 {
is quite different now, as without the bishop blocking the f-file White
actually has some ideas, the main one being Nf4.}) (21... Qc6 {looks better,
giving Black the defensive resource of Qg2. However, after} 22. exf6 Rxf6 23.
Ng3 $1 {White has a strong attack.}) 22. axb4 Bxb4 (22... Qxb4 {is the better
defense, but after} 23. f5 exf5 24. Rxf5 Be4 {(Black's idea)} 25. Bxe4 Qxe4 26.
Nc3 Qc6 27. exf6 {and Black's position is in shambles due to his pawn
weaknesses and king.}) 23. f5 exf5 24. Bxf5 (24. Rxf5 {Might have been even
stronger, preparing to double rooks and/or play Rh5.}) 24... Nf8 25. exf6 g6 {
Black's only try.} 26. Bd3 Rxf6 27. b3 $1 {White brings his worst piece, the
dark-squared bishop, to the long diagonal where it will be deadly.} Rxf1 28.
Rxf1 Ne6 29. Bb2 Rf8 {Now there are several major errors, I'm guessing due to
time pressure.} 30. Rd1 $2 {Giving up the f-file was completely unnecessary.} (
30. Bf6 {was clearly best, keeping Black passive and preparing g5 next move to
cement the bishop. Keep in mind that Bxg6 is always in the air.}) 30... Rf3 $1
31. Qh4 $2 (31. Ng3 {maintains some advantage, but White's pieces are pretty
awkward now.}) 31... Bc6 $4 (31... Qf2 $1 {and Black is right back in the game.
The idea is that after} 32. Ng3 Rxd3 $1 33. cxd3 (33. Rxd3 Be4 $1 {and Black
may even take over. The bishop is immune to capture due to the stupid queen
hanging on h4.}) 33... Qf3 34. Kc2 Qf2+ 35. Kb1 Qf3 {with a draw.}) 32. Bc4 (
32. Nd4 {was immediately crushing, with the idea that after} Nxd4 33. Bxd4 Qa5
(33... Qxd4 34. Bc4+ $18) 34. Re1 $3 {and White's threats of Re8 and Re5 are
deadly. For example, if} Bf8 (34... Bxe1 {is impossible on account of} 35. Qe7
$1 Rf7 36. Qe8+ Rf8 37. Bc4+ d5 38. Qe5 Kf7 39. Qf6+ Ke8 40. Qxc6+ {and Black
will lose everything with check.}) 35. Re5 Qd2 36. Bc4+ d5 37. Rxd5 Rf1+ 38.
Bxf1 Bxd5 39. Qf6 $18) 32... Bb5 (32... d5 {was best, but after} 33. Rxd5 $1
Bxd5 34. Bxd5 Rf1+ 35. Nc1 {and White's monstrous bishops matter far more than
Black's exchange.}) 33. Nd4 {Now it is over.} Rf7 34. Nxe6 Bxc4 35. Ng5 Re7 36.
Qh3 $1 {The final touch. White threatens Qf3 as well as the simple bxc4 since
the 3rd rank is covered.} (36. bxc4 Bc3 {would not be advised.}) 36... Be2 37.
Qg2 $1 {White threatens a deadly back rank check on a8 in addition to the one
played in the game.} Re8 38. Qd5+ {and Black resigned, seeing that Re6 would
be met with Qxd7 with checkmate soon to follow. Despite the inaccuracies late
in the game, the attack was nicely conducted by Nepomniatchi and it enabled
him to hop over Vitiugov in the standings.} 1-0

[Event "Reggio Emilia 9697 39th"]
[Site "Reggio Emilia"]
[Date "1996.12.31"]
[Round "6"]
[White "Belotti, Bruno"]
[Black "Razuvaev, Yuri S"]
[Result "1/2-1/2"]
[WhiteElo "2400"]
[BlackElo "2560"]
[Annotator "Fritz"]
[PlyCount "80"]
[EventDate "1996.12.26"]
[EventType "tourn"]
[EventRounds "9"]
[EventCountry "ITA"]
[EventCategory "11"]
[SourceTitle "CBM 057"]
[Source "ChessBase"]
[SourceDate "1997.04.01"]
[SourceVersion "1"]
[SourceVersionDate "1997.04.01"]
[SourceQuality "1"]

1. e4 c5 2. Nf3 e6 3. d4 cxd4 4. Nxd4 Nc6 5. Nc3 Qc7 6. Be2 a6 7. O-O b5 8.
Nxc6 dxc6 9. a4 Rb8 10. f4 Be7 11. Kh1 b4 12. Nb1 Nf6 13. Nd2 Bb7 14. Bd3 O-O
15. Qe2 a5 16. b3 c5 17. Bb2 Rbd8 18. Rae1 Nd7 19. Nc4 Ba6 20. Qg4 Nf6 21. Qh3
Bxc4 22. Bxc4 Ne8 23. Re3 Qd7 24. Rg3 Kh8 25. Qh6 f6 26. Qh5 Nc7 27. f5 Rfe8
28. Rh3 h6 29. Qf7 Rf8 30. Qg6 Qe8 31. Qg4 Kh7 32. Bc1 exf5 33. exf5 $2 (33.
Qxg7+ $3 {Matt in 7 Zügen.} Kxg7 34. Bxh6+ Kh7 (34... Kg6 35. exf5+ Kh7 36.
Bxf8+ $1) 35. Bxf8+) 33... Rh8 34. Qh4 $2 (34. Re1 Rd7 35. Rhe3 $18) (34. Bxh6
gxh6 35. Qf4 Bf8 36. Qxc7+ Rd7 37. Qxa5 $18) 34... Rd4 35. Qg3 Bd6 36. Qf3 Rf8
37. Be3 Re4 38. Bc1 Re1 39. Qf2 Rxf1+ 40. Qxf1 Qe4 $16 1/2-1/2